[Event "HACIJ"]
[Site "SchemingMind.com"]
[Date "2022.02.06"]
[Round "-"]
[White "ray winteringham"]
[Black "ramesse"]
[Result "0-1"]
[WhiteCountry "ENG"]
[BlackCountry "SVK"]
[WhiteElo "1453"]
[WhiteRD "50"]
[BlackElo "2508"]
[BlackRD "77"]
[GameID "720553"]

1. g3 d5 2. d4 Nf6 3. Bg2 c6 4. b3 Bf5 5. Nf3 e6 6. Bb2 Nbd7 7. Nbd2 Bd6 8. O-O O-O 9. c4 h6 10. c5 Bc7
11. b4 Qe7 12. a4 b6 13. e3 bxc5 14. dxc5 e5 15. Nh4 Bd3 16. Nb3 Bxf1 17. Qxf1 a6 18. Nf5 Qe8 19. Nh4 a5 20. Nf5 axb4
21. Qd3 g6 22. Nxh6+ Kg7 23. Nf5+ gxf5 24. Qxf5 Rh8 25. Nd2 Qe6 26. Qg5+ Kf8 27. Nf3 Ne4
0-1

[Event "HACIJ"]
[Site "SchemingMind.com"]
[Date "2022.02.06"]
[Round "-"]
[White "ramesse"]
[Black "ray winteringham"]
[Result "1-0"]
[WhiteCountry "SVK"]
[BlackCountry "ENG"]
[WhiteElo "2508"]
[WhiteRD "77"]
[BlackElo "1453"]
[BlackRD "50"]
[GameID "720554"]

1. e4 c5 2. Nf3 Nc6 3. d4 cxd4 4. Nxd4 Nxd4 5. Qxd4 d6 6. Nc3 e5 7. Qa4+ Bd7 8. Qb3 b6 9. Bc4 Qe7 10. Be3 Nf6
11. Nb5 Bxb5 12. Bxb5+ Nd7 13. O-O g6 14. Rad1 Bg7 15. Qa4 f6 16. Bd2 a6 17. Bb4 Rc8 18. Qxa6 O-O 19. Bxd6 Qe6 20. Bxf8 Bxf8
21. Bxd7 Qc4 22. Qxc8
1-0

[Event "HACIJ"]
[Site "SchemingMind.com"]
[Date "2022.05.18"]
[Round "-"]
[White "Chessibelle"]
[Black "Derek Price"]
[Result "0-1"]
[WhiteCountry "ENG"]
[BlackCountry "ENG"]
[WhiteElo "1042"]
[WhiteRD "69"]
[BlackElo "2352"]
[BlackRD "69"]
[GameID "723574"]

1. Nf3 Nf6 2. h3 b6 3. d4 Bb7 4. e3 e6 5. Be2 d5 6. b3 Bd6 7. Nc3 a6 8. Bd3 Nbd7 9. O-O Qe7 10. Re1 Ne4
11. Bb2 f5 12. Nd2 Nxd2 13. Qxd2 g5 14. f4 Rg8 15. g4 O-O-O 16. a4 gxf4 17. exf4 fxg4 18. Kh2 Qh4 19. Re3 Bxf4+ 20. Kh1 gxh3
21. Rf1 Qg5 22. Nd1 Rdf8 23. Qe2 Qg2+ 24. Qxg2 hxg2+ 25. Kg1 Bh2+ 26. Kxh2 Rxf1 27. Bxf1 gxf1=Q 28. Rxe6 Qg2#
0-1

[Event "HACIJ"]
[Site "SchemingMind.com"]
[Date "2022.05.18"]
[Round "-"]
[White "Derek Price"]
[Black "Chessibelle"]
[Result "1-0"]
[WhiteCountry "ENG"]
[BlackCountry "ENG"]
[WhiteElo "2352"]
[WhiteRD "69"]
[BlackElo "1042"]
[BlackRD "69"]
[GameID "723575"]

1. c4 e5 2. Nc3 c5 3. g3 Nf6 4. Bg2 Nc6 5. d3 Be7 6. e3 d6 7. Nge2 O-O 8. O-O b6 9. Bxc6 Rb8 10. Bg2 Qd7
11. Nd5 Bd8 12. Nxf6+ Bxf6 13. Nc3 Qf5 14. Nd5 Bd8 15. e4 Qg6 16. f4 Bg4 17. Qe1 h5 18. f5 Qh7 19. h3 g6 20. hxg4 hxg4
21. f6 Qh5 22. Kf2 Qh8 23. Rh1
1-0

[Event "HACIJ"]
[Site "SchemingMind.com"]
[Date "2022.05.23"]
[Round "-"]
[White "WarriorAngel"]
[Black "William Lindberg"]
[Result "0-1"]
[WhiteCountry "SGP"]
[BlackCountry "USA"]
[WhiteElo "1912"]
[WhiteRD "102"]
[BlackElo "2385"]
[BlackRD "68"]
[GameID "723720"]

1. e4 e5 2. Nf3 Nc6 3. Bc4 Nf6 4. d3 a6 5. a3 Bc5 6. Be3 d6 7. b4 Bb6 8. Bxb6 cxb6 9. Nbd2 O-O 10. O-O Nh5
11. g3 Bg4 12. c3 Qd7 13. Qc2 Rac8 14. Qb2 Ne7 15. Nh4 b5 16. Bb3 Be2 17. Rfe1 Bxd3 18. Rad1 Qc7 19. Re3 Bc4 20. Nxc4 bxc4
21. Ba2 b5 22. Bb1 Rcd8 23. Qe2 Nf6 24. Qf3 d5 25. exd5 Nexd5 26. Re2 Nxc3
0-1

[Event "HACIJ"]
[Site "SchemingMind.com"]
[Date "2022.05.23"]
[Round "-"]
[White "William Lindberg"]
[Black "WarriorAngel"]
[Result "1-0"]
[WhiteCountry "USA"]
[BlackCountry "SGP"]
[WhiteElo "2385"]
[WhiteRD "68"]
[BlackElo "1912"]
[BlackRD "102"]
[GameID "723721"]

1. c4 e6 2. d4 d5 3. Nc3 Nf6 4. Nf3 b6 5. cxd5 exd5 6. Ne5 Be6 7. Bg5 Be7 8. g3 Nfd7 9. Bxe7 Qxe7 10. Bg2 Nxe5
11. dxe5 c6 12. O-O O-O 13. f4 g6 14. e4 Qc5+ 15. Rf2 Rd8 16. f5 Bc8 17. Qd2 Na6 18. fxg6 hxg6 19. exd5 cxd5 20. Ne4 Qf8
21. Nd6 Be6 22. Nxf7
1-0

[Event "HACIJ"]
[Site "SchemingMind.com"]
[Date "2022.05.28"]
[Round "-"]
[White "Helga1946"]
[Black "krzysztof"]
[Result "1-0"]
[WhiteCountry "GER"]
[BlackCountry "POL"]
[WhiteElo "2324"]
[WhiteRD "80"]
[BlackElo "1515"]
[BlackRD "87"]
[GameID "723876"]

1. Nf3 h6 2. e4 d6 3. d4 Bg4 4. Nc3 e5 5. dxe5 Bxf3 6. Qxf3 dxe5 7. Bc4 Nf6 8. O-O Bd6 9. Nd5 Nbd7 10. Ne3 g6
11. Ng4 Qe7 12. Nxh6 Rxh6 13. Bxh6 O-O-O 14. Bg5 Rh8 15. h4 c6 16. Rfd1 b5 17. Bb3 Qd8 18. Rxd6 Qc7 19. Rad1 Rd8 20. Bxf6 Nxf6
21. Rxd8+ Qxd8 22. Rxd8+ Kxd8 23. Qxf6+ Kc7 24. Bxf7 Kb6 25. Bd5
1-0

[Event "HACIJ"]
[Site "SchemingMind.com"]
[Date "2022.05.28"]
[Round "-"]
[White "krzysztof"]
[Black "Helga1946"]
[Result "0-1"]
[WhiteCountry "POL"]
[BlackCountry "GER"]
[WhiteElo "1515"]
[WhiteRD "87"]
[BlackElo "2324"]
[BlackRD "80"]
[GameID "723877"]

1. c4 c5 2. Nc3 Nc6 3. a3 Nf6 4. e4 g6 5. Nf3 Bg7 6. h3 O-O 7. d3 Ne8 8. Be3 Nd4 9. Be2 b6 10. e5 Bb7
11. Bf4 f6 12. Nb5 fxe5 13. Nxe5 Rxf4 14. Nxd4 Bxe5 15. Nf3 Bxb2 16. Ra2 Bc3+ 17. Kf1 Qc7 18. g3 Rf6 19. Qc2 Bd4 20. Rh2 Bxf3
21. Bxf3 Rxf3 22. h4 Nf6 23. Qe2 Ng4 24. Rg2 Rxf2+ 25. Rxf2 Qxg3 26. Rg2 Nh2+ 27. Rxh2 Qg1#
0-1

[Event "HACIJ"]
[Site "SchemingMind.com"]
[Date "2022.06.06"]
[Round "-"]
[White "Derek Price"]
[Black "William Lindberg"]
[Result "1/2-1/2"]
[WhiteCountry "ENG"]
[BlackCountry "USA"]
[WhiteElo "2383"]
[WhiteRD "72"]
[BlackElo "2443"]
[BlackRD "68"]
[GameID "724183"]

1. c4 c5 2. Nf3 Nf6 3. Nc3 e6 4. g3 d5 5. cxd5 exd5 6. d4 h6 7. Bg2 Nc6 8. O-O Be7 9. b3 Be6 10. e3 O-O
11. Bb2 Rc8 12. dxc5 Bxc5 13. Ne2 Qe7 14. Nf4 Rfd8 15. Nxe6 Qxe6 16. Rc1 Ne4 17. Qe2 Bb6 18. a3 d4 19. Nxd4 Nxg3 20. hxg3 Bxd4
21. Rfd1 Bxb2 22. Qxb2 h5 23. b4 Rxd1+ 24. Rxd1 h4 25. gxh4 Qg4 26. Rc1 Re8 27. b5 Ne5 28. Qc2 Nf3+ 29. Kf1 Nxh4 30. Bxb7 Rd8
31. a4 Nf3 32. Bxf3 Qxf3 33. Qc7 Qh1+ 34. Ke2=
1/2-1/2

[Event "HACIJ"]
[Site "SchemingMind.com"]
[Date "2022.06.07"]
[Round "-"]
[White "William Lindberg"]
[Black "Derek Price"]
[Result "1/2-1/2"]
[WhiteCountry "USA"]
[BlackCountry "ENG"]
[WhiteElo "2459"]
[WhiteRD "71"]
[BlackElo "2375"]
[BlackRD "69"]
[GameID "724184"]

1. e4 c5 2. Nf3 a6 3. c3 e6 4. d4 d5 5. e5 Bd7 6. Bd3 cxd4 7. cxd4 Bb5 8. Bc2 Bb4+ 9. Bd2 Bxd2+ 10. Qxd2 a5
11. Nc3 Ba6 12. h4 Nc6 13. Rh3 Nge7 14. Rg3 g6 15. O-O-O Rc8 16. Kb1 b5 17. Qf4 h6 18. h5 g5 19. Qf6 Kd7 20. Ne1 Nb4
21. a3 Nxc2 22. Nxc2 Rh7 23. Qf3 Qb6 24. Qd3 Rhh8 25. Qd2 Rhd8 26. Rf3 Ke8 27. b4 axb4 28. Nxb4 Rc4 29. Nca2 Bb7 30. Rd3 Rdc8
31. g4 Nc6 32. f4 Qd8 33. Rf1 Rc7 34. f5 exf5 35. Rxf5 Kf8 36. Rf6 Kg7 37. Qf2 Nxb4 38. Nxb4 Qe7 39. Kb2 Bc8 40. Nxd5 Rc2+
41. Qxc2 Rxc2+ 42. Kxc2 Qb7 43. Ne3 Qe4 44. d5 Qxe5 45. Rf3 Bd7 46. d6 Qc5+ 47. Kb1 Kf8=
1/2-1/2

[Event "HACIJ"]
[Site "SchemingMind.com"]
[Date "2022.06.08"]
[Round "-"]
[White "Aba"]
[Black "Louis Lima"]
[Result "1/2-1/2"]
[WhiteCountry "ISR"]
[BlackCountry "ESP"]
[WhiteElo "1747"]
[WhiteRD "70"]
[BlackElo "1739"]
[BlackRD "87"]
[GameID "724256"]

1. e4 d6 2. d4 e5 3. d5 f5 4. Bd3 fxe4 5. Bxe4 Nf6 6. Nc3 Nxe4 7. Nxe4 Bf5 8. Qf3 Bg6 9. c4 Nd7 10. Be3 Be7
11. Ng3 Nf6 12. Nh3 O-O 13. Qe2 Qd7 14. Ng5 Bf7 15. h3 h6 16. Nxf7 Rxf7 17. O-O Nh7 18. Ne4 Nf6 19. Nxf6+ Rxf6 20. b3 Raf8
21. f3 Rg6 22. g4 Bg5 23. Kg2 Bxe3 24. Qxe3 b6 25. a4 a5 26. Rf2 Rf4 27. Qd3 Qf5 28. Qxf5 Rxf5 29. Re1 Rf4 30. Re4 Rgf6
31. Kg3 Rxe4 32. fxe4 Rxf2 33. Kxf2 g5 34. Kg3 Kf7=
1/2-1/2

[Event "HACIJ"]
[Site "SchemingMind.com"]
[Date "2022.06.08"]
[Round "-"]
[White "Louis Lima"]
[Black "Aba"]
[Result "1-0"]
[WhiteCountry "ESP"]
[BlackCountry "ISR"]
[WhiteElo "1747"]
[WhiteRD "85"]
[BlackElo "1721"]
[BlackRD "74"]
[GameID "724257"]

1. d4 Nf6 2. Nf3 c5 3. c3 e6 4. e3 d5 5. Bd3 Nc6 6. O-O Bd7 7. a3 Qb6 8. b4 c4 9. Bc2 O-O-O 10. Nbd2 h6
11. a4 Bd6 12. a5 Qc7 13. e4 e5 14. exd5 Nxd5 15. Nxc4 exd4 16. Nxd6+ Qxd6 17. cxd4 Ndxb4 18. Bb3 f6 19. d5 Ne7 20. Ba3 Bb5
21. Qd2 Bxf1 22. Bxb4 Qd7 23. Bxe7 Qxe7 24. Rxf1 Qd6 25. Nd4 g5 26. Nb5 Qa6 27. Qc3+ Kb8 28. Qc7+ Ka8 29. Qxd8+ Rxd8 30. Nc7+ Kb8
31. Nxa6+ bxa6 32. Rc1 Re8 33. Kf1
1-0

[Event "HACIJ"]
[Site "SchemingMind.com"]
[Date "2022.09.08"]
[Round "-"]
[White "Helga1946"]
[Black "JAHI"]
[Result "1-0"]
[WhiteCountry "GER"]
[BlackCountry "INT"]
[WhiteElo "2426"]
[WhiteRD "75"]
[BlackElo "2167"]
[BlackRD "66"]
[GameID "726431"]

1. c4 f6 2. Nc3 f5 3. Nf3 Nf6 4. g3 h6 5. Bg2 h5 6. Nh4 e6 7. e4 Nc6 8. exf5 Nd4 9. fxe6 dxe6 10. d3 Bd6
11. O-O Kf7 12. Be3 Nf5 13. Nxf5 exf5 14. c5 Be7 15. d4 h4 16. Qb3+ Kf8 17. Rfe1 h3 18. Bf3 Bd7 19. Qxb7 Rb8 20. Qxa7 Rxb2
21. Bf4 Qb8 22. Qa5 Qb4 23. Qa8+ Qb8 24. Qxb8+ Rxb8 25. c6 Bc8 26. Bxc7 Rb2 27. Nd5 Nxd5 28. Bxd5 Rb5 29. Bf3 Kf7 30. a4 Rb2
31. Bd5+ Kf6 32. Be5+ Kg6 33. a5 Bb4 34. Red1 Ba6 35. Rab1 Ba3 36. Rxb2 Bxb2 37. c7 Rc8 38. Be6 Bc3 39. Bxc8 Bxc8 40. a6 Ba5
41. a7 Bxc7 42. a8=Q f4 43. Qxc8 fxg3 44. Qg4+ Kh6 45. Qxg7+ Kh5 46. hxg3 h2+ 47. Kg2 Bxe5 48. dxe5 h1=Q+ 49. Rxh1#
1-0

[Event "HACIJ"]
[Site "SchemingMind.com"]
[Date "2022.09.08"]
[Round "-"]
[White "JAHI"]
[Black "Helga1946"]
[Result "0-1"]
[WhiteCountry "INT"]
[BlackCountry "GER"]
[WhiteElo "2167"]
[WhiteRD "66"]
[BlackElo "2426"]
[BlackRD "75"]
[GameID "726432"]

1. a3 c5 2. g3 d5 3. Bg2 e5 4. Kf1 Nc6 5. d3 Be6 6. h3 Be7 7. e3 f5 8. Nc3 Nf6 9. f3 d4 10. Nce2 O-O
11. exd4 cxd4 12. h4 h6 13. Qe1 Rc8 14. Nh3 Qb6 15. Kg1 Nd8 16. Qd1 Bd5 17. Rh2 Ne6 18. Nf2 Qc6 19. f4 e4 20. dxe4 Nxe4
21. Bxe4 fxe4 22. Ng4 Qxc2 23. Be3 Qxd1+ 24. Rxd1 h5 25. Ne5 dxe3 26. Rxd5 Rfd8 27. Rxd8+ Rxd8 28. Nc3 Nd4 29. Kg2 Bf6 30. Rh1 Bxe5
31. fxe5 Nc2 32. e6 Rd2+ 33. Kh3 e2 34. Nxe2 Rxe2 35. Rf1 Ne3 36. e7 Rh2+ 37. Kxh2 Nxf1+ 38. Kg1 Kf7 39. Kxf1 Kxe7 40. Ke2 Ke6
41. Ke3 Ke5 42. b3 a6 43. Kd2 Kd4 44. a4 a5 45. Ke2 e3 46. Kf3 Kd3 47. Kf4 e2 48. g4 hxg4 49. Kxg4 e1=Q 50. Kg5 Qe6
51. h5 Ke4 52. h6 Qf5+ 53. Kh4 Kf4 54. b4 Qg4#
0-1

[Event "HACIJ"]
[Site "SchemingMind.com"]
[Date "2022.11.28"]
[Round "-"]
[White "Greg Magne"]
[Black "Helga1946"]
[Result "0-1"]
[WhiteCountry "CAN"]
[BlackCountry "GER"]
[WhiteElo "1772"]
[WhiteRD "80"]
[BlackElo "2435"]
[BlackRD "77"]
[GameID "728655"]

1. e4 e5 2. Nf3 Nc6 3. Bb5 Nf6 4. O-O Nxe4 5. Re1 Nd6 6. Nxe5 Nxe5 7. Rxe5+ Be7 8. Ba4 O-O 9. Nc3 c6 10. d4 Nc4
11. Re1 d5 12. Bf4 Nxb2 13. Qf3 a5 14. Rab1 Nc4 15. Re2 Na3 16. Rbe1 Bb4 17. Qg3 b5 18. Be5 g6 19. Qf4 bxa4 20. Bf6 Qd6
21. Be5 g5 22. Qxg5+ Qg6 23. Qh4 Bxc3 24. Re3 Bxe1 25. Rg3 Nc4 26. Rxg6+ fxg6 27. Qe7 Bxf2+ 28. Kh1 Nxe5
0-1

[Event "HACIJ"]
[Site "SchemingMind.com"]
[Date "2022.11.28"]
[Round "-"]
[White "Helga1946"]
[Black "Greg Magne"]
[Result "1-0"]
[WhiteCountry "GER"]
[BlackCountry "CAN"]
[WhiteElo "2433"]
[WhiteRD "76"]
[BlackElo "1757"]
[BlackRD "81"]
[GameID "728656"]

1. c4 e5 2. Nc3 f5 3. d4 exd4 4. Qxd4 Nf6 5. Bg5 Be7 6. Nf3 Nc6 7. Qe3 O-O 8. g3 d6 9. Bg2 Re8 10. Rd1 Ne4
11. Bxe7 Rxe7 12. Nd4 Qe8 13. Nd5 Rf7 14. f3 Ne5 15. fxe4 fxe4 16. Nb5 Nxc4 17. Qb3 Nb6 18. Nbxc7 Qc6 19. Ne7+
1-0

[Event "HACIJ"]
[Site "SchemingMind.com"]
[Date "2023.04.28"]
[Round "-"]
[White "frankly"]
[Black "Robert Bruce"]
[Result "1-0"]
[WhiteCountry "ENG"]
[BlackCountry "SCO"]
[WhiteElo "2552"]
[WhiteRD "83"]
[BlackElo "2294"]
[BlackRD "68"]
[GameID "733525"]

1. d4 Nf6 2. c4 e6 3. Nf3 c5 4. d5 exd5 5. cxd5 d6 6. e4 a6 7. h3 Nbd7 8. Bd3 b5 9. a4 Rb8 10. axb5 axb5
11. Qe2 c4 12. Bc2 Ne5 13. Nd4 Bd7 14. f4 Ng6 15. g4 Be7 16. g5 O-O 17. Be3 b4 18. Nd2 b3 19. Bd1 Re8 20. O-O Rc8
21. f5 Nh4 22. gxf6 Bxf6 23. Rc1 c3 24. Rxc3 Bxd4 25. Bxd4 Nxf5 26. Rxc8 Bxc8 27. Bc3 Ng3 28. Qg2 Qg5 29. Re1 Bxh3 30. Qxh3 Nxe4+
31. Qg4 Qxg4+ 32. Bxg4 Nf6 33. Rxe8+ Nxe8 34. Bd7 Kf8 35. Bxe8 Kxe8 36. Bxg7
1-0

[Event "HACIJ"]
[Site "SchemingMind.com"]
[Date "2023.04.30"]
[Round "-"]
[White "Robert Bruce"]
[Black "frankly"]
[Result "0-1"]
[WhiteCountry "SCO"]
[BlackCountry "ENG"]
[WhiteElo "2279"]
[WhiteRD "66"]
[BlackElo "2566"]
[BlackRD "82"]
[GameID "733526"]

1. e4 e5 2. f4 exf4 3. Nf3 d6 4. d4 g5 5. g3 Bg7 6. Nc3 Nc6 7. d5 Ne5 8. gxf4 gxf4 9. Bxf4 Bg4 10. Bb5+ Kf8
11. Be2 Nxf3+ 12. Bxf3 Bxc3+ 13. bxc3 Qf6 14. O-O Qxf4 15. Bxg4 Qg5 16. Kh1 Nh6 17. Bh3 Re8 18. Qd4 Rg8 19. Rf3 Ng4 20. Raf1 Ne5
21. Rf4 Ra8 22. c4 b6 23. c5 bxc5 24. Qf2 Rg7 25. Be6 Qe7 26. Rh4 Kg8 27. Bf5 Ng6 28. Rh5 Rb8 29. Rh3 Kh8 30. Qe1 Qe5
31. c3 Rb2 32. Qc1 Rxa2 33. Qb1 Re2 34. Bxg6 Rxg6 35. Rxf7 Kg8 36. Rfxh7 Qxe4+ 37. Qxe4 Rxe4 38. Rh8+ Kf7 39. R8h7+ Rg7 40. Rxg7+ Kxg7
41. Kg2 Re5 42. c4 Re4 43. Ra3 Rxc4 44. Kg3 Rd4 45. Rxa7 Rxd5 46. Rxc7+ Kg6 47. h4 Rd3+ 48. Kf2 Kf5 49. h5 Rh3 50. Rd7 Ke5
51. Rh7 Kf4 52. Kg2 Rh4 53. Rf7+ Kg5 54. Rd7 Rd4 55. Rh7 d5 56. Kf3 Rd3+
0-1

[Event "HACIJ"]
[Site "SchemingMind.com"]
[Date "2023.07.02"]
[Round "-"]
[White "frankly"]
[Black "Derek Price"]
[Result "1-0"]
[WhiteCountry "ENG"]
[BlackCountry "ENG"]
[WhiteElo "2561"]
[WhiteRD "67"]
[BlackElo "2349"]
[BlackRD "70"]
[GameID "735344"]

1. d4 d5 2. c4 c6 3. Nf3 Nf6 4. Nc3 e6 5. Bg5 Nbd7 6. e3 Qa5 7. cxd5 Nxd5 8. Qd2 Bb4 9. Rc1 h6 10. Bh4 c5
11. a3 Bxc3 12. bxc3 b6 13. c4 Qxd2+ 14. Nxd2 Ne7 15. f3 Nf5 16. Bf2 cxd4 17. exd4 O-O 18. c5 Nf6 19. g4 Ne7 20. c6 Rd8
21. Bg3 Rxd4 22. Nb3 Rd5 23. Bc4 Rd8 24. Be2 Rd5 25. Kf2 a6 26. h4 Kf8 27. g5 Ne8 28. gxh6 gxh6 29. Bf4 Nf5 30. Rhd1 Nf6
31. Bc4 Rxd1 32. Rxd1 b5 33. Bd3 Nd5 34. Bc1 Nxh4 35. Bxh6+ Ke8 36. Bg5 Ng6 37. Bxg6 fxg6 38. Rh1 a5 39. Rh7 b4 40. a4 Kf8
41. Bh6+ Kg8 42. Rg7+ Kh8 43. Nc5 e5 44. Nd3 Be6 45. Nxe5 Nf4 46. Ke3 g5 47. c7 Rc8 48. Kd2 Bd5 49. Rd7 Be6 50. Rd8+ Kh7
51. Bxg5 Rxc7 52. Bxf4 b3 53. Rb8 Rc2+ 54. Ke3 Ra2 55. Bg5 Rxa4 56. Bf6 Bg8 57. Rb7+ Kh6 58. Rg7 b2 59. Rg6+ Kh7 60. Rg1 Ra3+
61. Kf2
1-0

[Event "HACIJ"]
[Site "SchemingMind.com"]
[Date "2024.02.18"]
[Round "-"]
[White "Helga1946"]
[Black "frankly"]
[Result "*"]
[WhiteCountry "GER"]
[BlackCountry "ENG"]
[WhiteElo "2403"]
[WhiteRD "75"]
[BlackElo "2555"]
[BlackRD "69"]
[GameID "742406"]

1. a3 c5 2. e3 Nc6 3. d4 cxd4 4. exd4 d5 5. h3 Bf5 6. Be3 e6 7. c4 dxc4 8. Bxc4 Bd6 9. Nc3 Nf6 10. Nf3 O-O
11. O-O Rc8 12. Rc1 h6 13. Re1 Rb8 14. d5 exd5 15. Nxd5 Re8 16. Nc3 a6 17. Nd5 Nxd5 18. Bxd5 Bf8 19. Qb3 Be6 20. Bxe6 Rxe6
21. Rcd1 Qf6 22. Rd7 Rd8 23. Rxd8 Nxd8 24. Rd1 Bd6 25. Nd4 Re5 26. a4 Bf8 27. g3 Bc5 28. Kg2 Bxd4 29. Rxd4 Qc6+ 30. Kh2 Ne6
31. Rc4 Qd7 32. Qc3 f6 33. Kg2 Qd5+ 34. Kh2 Re4 35. Rxe4 Qxe4 36. Qc8+ Kh7 37. Qe8 Qd5 38. Qf7 b5 39. axb5 axb5 40. Qe7 Kg8
41. h4 Kh7 42. b4 Nd8 43. Qe8 Nf7 44. Bf4 g5 45. hxg5 hxg5 46. Bb8 Kg7 47. Kg1 Qd1+ 48. Kg2 Qd5+ 49. Kg1 Qc4 50. Qe7 Qc1+
51. Kh2 Qc6 52. Ba7 Kg6 53. Qf8 Qd7 54. Bc5 Ne5 55. Bd6 Nf3+ 56. Kg2 g4 57. Bf4 Qb7 58. Kf1
*

[Event "HACIJ"]
[Site "SchemingMind.com"]
[Date "2024.02.19"]
[Round "-"]
[White "frankly"]
[Black "Helga1946"]
[Result "*"]
[WhiteCountry "ENG"]
[BlackCountry "GER"]
[WhiteElo "2555"]
[WhiteRD "69"]
[BlackElo "2403"]
[BlackRD "75"]
[GameID "742407"]

1. e4 e5 2. Nf3 Nc6 3. Bb5 a6 4. Ba4 Nf6 5. O-O Be7 6. Re1 b5 7. Bb3 O-O 8. c3 d6 9. h3 Re8 10. d4 Bb7
11. Nbd2 Bf8 12. Bc2 g6 13. a3 Nb8 14. b4 Nbd7 15. Bb2 c5 16. d5 Qc7 17. Nb3 Nb6 18. Na5 Rab8 19. Bc1 Ba8 20. Bg5 Nh5
21. Bd2 Nf4 22. bxc5 Qxc5 23. a4 Rec8 24. axb5 axb5 25. Rb1 Bg7 26. h4 Nd7 27. Ra1 Nb6 28. Rb1 Nd7 29. Ra1 Nb6 30. Ra2 Rf8
31. Be3 Qc7 32. Bd2 Nh5 33. Bb3 Nf4 34. Qc2 Qc8 35. Nh2 Kh8 36. c4 bxc4 37. Nxc4 f5 38. Nxb6 Rxb6 39. Bc4 fxe4 40. Qxe4 Rb8
41. Rea1 Qf5 42. Qxf5 gxf5 43. Ra5 Rfc8 44. R1a4 Nh5 45. Nf1 Nf6 46. Ba2 h6 47. Bb4 Bf8 48. g3 Kh7 49. Bb1 e4 50. Ba2 Kg6
51. Ne3 h5 52. Kg2 Bb7
*